000 00668nam a2200253Ia 4500
003 OSt
005 20220926020958.0
006 a|||||r|||| 00| 0
007 ta
008 220923b |||||||| |||| 00| 0 eng d
020 _a0387900888
037 _cGeneral Book
040 _aRTL
_cRTL
_beng
041 _2eng
_aeng
082 _aB37, J0
100 _aHALMOS Paul R
_9154527
245 0 _aMeasure theory
260 _aNew York
_bSpringer-Verlag
_c1950
300 _axi, 304p
_ccm.
490 _aUniversity Series in Higher Mathematics
650 _aEconomics
942 _hB37, J0
_cGB
_2CC
999 _c635347
_d635347